000 00340nam a2200121Ia 4500
008 240731s9999 xx 000 0 und d
022 _a2205-362X
245 0 _aAustralian Journal of Electrical and Electronics Engineering
260 _bTaylor & Francis
856 _uhttps://www.tandfonline.com/loi/tele20
942 _2ddc
942 _cTFEJ
999 _c75531
_d75531
945 _a1
_bMadushi Gamage
_c1
_dMadushi Gamage